01578 a2200169 45000010006000000050017000060080041000230030015000640400040000790800117001192450042002362640036002783000019003145051023003331000019013567000033013755385420260407155809.0260407a1956 arg spa dAR-UNSa-BCEJYS aAR-UNSa-BCEJYSbspacAR-UNSa-BCEJYS a338.2xPolítica económica. Control de la economía. Gestión de la economía. Planificación económica10aFundamentos de política económica 1aMadrid :bEdiciones Rialpc1956 a536 p.c21 cm. a1. El problema - 2. Masificación, luchas por el poder, ideología - 3. Pensar en Ordenes - 4. La política económica del "laissez-faire" - 5. La política económica experimental - 6. La política de dirección centralizda del proceso económico - 7. El proceso económico en la política centralizada - 8. La política económica de dirección centralizada: crítica - 9. La política económica de la vida media - 10. La política - económica de la época experimental .Su resultado - 11. Otra vez el problema - 12. El mito de evolucionismo - 13. El hecho histórico.Consecuencias para la política económica - 14. La técnica, la concentración y el orden de la economía - 15. La política de la libre competencia.Introducción - 16. La política del orden de la competencia . Los principios constituyentes - 17. La política del orden de la competencia. Los principios reguladores - 19. La política económica de la vida media - 20. Bien individual, principio y bien común1 aEucken, Walter1 aGómez Demás, José Luis